Регионална библиотека "Любен Каравелов" - Русе

Избрани творби (Запис номер 341761)

MARC детайли
000 -Лидер
Контролно поле с фиксирана дължина 01428nam a2200349 a 4500
003 - Код на организацията, давaща контролен номер
Контролно поле BLK
005 - Дата и час на последна редакция
Контролно поле 20230725155935.0
008 - Елементи от данни с фиксирана дължина
fixed length control field 180911b bul|||||r ||||||| ||bul||
010 ## - Наследен системен номер
LC control number 001391
040 ## - Източник на каталожния запис
Идентификатор на билиотеката - собственик на записа BLK
041 ## - Код за език
Код за езика на текст/звукозапис или на отделно заглавие Български
Код за езика КДБФ Български
080 ## - УДК
Текстов определител УДК Българска литература
УДК код - определител по УДК 821.163.2
УДК определител -8
УДК - код + определител 821.163.2-8
100 1# - Редна дума - Автор
Автор Костов, Стефан Лазаров
R(LIN) 83131
Дати, свързани с автора 1879 – 1939
Пълна форма на името Стефан Лазаров Костов
139 ## - Редно поле
Редна дума Костов, Стефан Лазаров
245 00 - Сведения за заглавието
Заглавие Избрани творби
Подзаглавни данни Драма-сборници
Редно поле (дума) Ст. Л. Костов
260 ## - Област на издателските данни
Място на издаване, разпространение и проч. София
Име на издателя, разпространителя и проч. МНП
Година на издаване 1943
Печатница Държ. печ.
300 ## - Физическа характеристика
Страници 650 с., 1 л
Илюстрации и др. портр.
Размери/Мащаб 21 см
380 ## - Жанр
Жанр Литературознание
490 ## - СЕРИИ (Колекции)
Име на серия Частна колекция - Академик Михаил Арнаудов
Бележки за серията Дарение - Основен фонд
9 (RLIN) 396381
520 ## - Забележка за наличие на резюме, анотация и т.н
Анотация, рецензия, сканиран текст Михаил Арнаудов: негови-изрезка
520 ## - Забележка за наличие на резюме, анотация и т.н
Анотация, рецензия, сканиран текст Критични материали за комедиите на Ст. Л. Костов : в. Отеч. фронт, 14. V. 1961; 6. II. 1954.
650 ## - Допълнително описание по предмет – тема
Основно описание – тема или топоним Драма
9 (RLIN) 153705
653 ## - Ключова дума – ненормативна
Ключова дума драма
653 ## - Ключова дума – ненормативна
Ключова дума сборници
655 ## - Ключова дума – жанр/разновидност
Данни за жанр/разновидност или ключова дума за фокус българска литература
852 ## - Местоположение
Форматна сигнатура МА 1995
852 ## - Местоположение
Форматна сигнатура Цб 13490
Фондова буква Основен фонд - ползва се само за читалня
942 ## - АРТИКУЛИ
Вид на библиотечния материал Книги
Скрит в OPAC Не
Периодичен библиозапис Да
944 ## - СЪЗДАВАНЕ И РЕДАКЦИЯ на ЗАПИСА
Създаване/Редакция Създаване
Дата на регистрацията/редакция 1997
Служител, извършил регистрацията/редакцията 30556
Статус, дата на статуса Теодора Пейчева-Дянкова
944 ## - СЪЗДАВАНЕ И РЕДАКЦИЯ на ЗАПИСА
Създаване/Редакция Редакция
Дата на регистрацията/редакция 2021-11-16
Служител, извършил регистрацията/редакцията К.Д.
999 ## - СИСТЕМНИ КОНТРОЛНИ НОМЕРА
Koha biblionumber 341761
Koha biblioitemnumber 341761
999 ## - СИСТЕМНИ КОНТРОЛНИ НОМЕРА
Koha biblioitemnumber 341761
Наличности
Код за отписване Код за изгубен артикул Източник на класификационната схема Код за повреда Коз за рестрикции Код за отдаване Артикулен № Име на библиотеката - собственик Име на библиотеката, в която се намира в момента Статус (Текущо местоположение) Местоположение - отдел Цена в лева Номерация (Хронология) Инвентарен номер Систематично азбучна сигнатура Баркод Номер на екземпляра Цена в евро Служебен тип на артикула Бележка за публиката Дата на вписване в системата
  Не е изгубен Universal Decimal Classification Не е повреден без рестрикции Специални фондове ( старопечатни, редки и ценни, фонд М. Арнаудов) 741756 Регионална библиотека "Любен Каравелов" Русе Регионална библиотека "Любен Каравелов" Русе Фонд "Михаил Арнаудов" Фонд "Михаил Арнаудов" 300.00   590854 МА 1995 120000590854 1 153.39 Книги ; Критични материали за комедиите на Ст. Л. Костов : в. Отеч. фронт, 14. V. 1961; 6. II. 1954.;  
  Не е изгубен Universal Decimal Classification Не е повреден само за читалня ползва се в читалня 862533 Регионална библиотека "Любен Каравелов" Русе Регионална библиотека "Любен Каравелов" Русе Хранилище Основен фонд - ползва се само за читалня 1.60   3493/59 Цб 13490 900000082537   0.82 Книги   2021-11-17
Vip Innovations Ltd, Rousse, Bulgaria 2025